| 000 | 00631nam a2200181 4500 | ||
|---|---|---|---|
| 001 | 123041 | ||
| 003 | ES-MaACL | ||
| 005 | 20230906192111.0 | ||
| 007 | t| | ||
| 008 | 070214s1958 sp r ||||0| spa d | ||
| 100 | 1 |
_aProtón. _994045 |
|
| 245 | 1 | 0 |
_aInstrumentos del cuadro de distribución _b: manual práctico para ingenieros, constructores de centrales y técnicos electricistas / _cpor `Protón` ; traducción del inglés de J. Savé. |
| 250 | _a1ª ed. | ||
| 260 |
_aBarcelona : _bDalmau y Jover, _c1958. |
||
| 300 |
_a191 p : _bil ; _c22 cm. |
||
| 700 | 1 |
_aSavé, José. _9104061 |
|
| 852 |
_aES-MaACL _jC-16048 _bR.43686 |
||
| 999 |
_c123041 _d123041 |
||